Elemental geosystems
Αποθηκεύτηκε σε:
| Κύριος συγγραφέας: | |
|---|---|
| Μορφή: | Βιβλίο |
| Γλώσσα: | English |
| Δημοσίευση: |
Upper Saddle River :
Prentice-Hall,
c1998
|
| Έκδοση: | 2nd ed. |
| Θέματα: | |
| Ετικέτες: |
Προσθήκη ετικέτας
Δεν υπάρχουν, Καταχωρήστε ετικέτα πρώτοι!
|
MARC
| LEADER | 00000nam a2200000 i 4500 | ||
|---|---|---|---|
| 001 | 1/82855 | ||
| 008 | 990526s1998 eng d | ||
| 020 | |a 0-02-322461-4 | ||
| 035 | |l 10051195 | ||
| 040 | |a GR-MY-UA |b gre |e aacr | ||
| 041 | 0 | |a eng | |
| 082 | 0 | |a 910.02 | |
| 100 | 1 | |a Christopherson, Robert W. | |
| 245 | 1 | 0 | |a Elemental geosystems / |c Robert W. Christopherson |
| 250 | |a 2nd ed. | ||
| 260 | |a Upper Saddle River : |b Prentice-Hall, |c c1998 | ||
| 300 | |a xvii, 534, [39] σ.; |b εικ.; |c 26 εκ. | ||
| 504 | |a Περιέχει ευρετήριο | ||
| 650 | 0 | 0 | |a Physical geography. |
| 852 | |a INST |b LESVOS |e 19990526 |h 910.02 CHR |p 005100016069 |q 005100016069 |t BK |y 0 | ||
| 901 | |a BIBL1-1999-2 | ||
| 909 | |a Λ |b 062478 | ||
| 922 | |a 1ΕΛΗ |b 199812 |c ΚΠΣ/ΤΓ |d LEADER | ||
| 950 | |a 118-1998-10-19 | ||